Normal view MARC view

Entry Nombre de reunión

Number of records used in: 1

001 - NÚMERO DE CONTROL

  • campo de control: 220841

003 - IDENTIFICADOR DE NÚMERO DE CONTROL

  • campo de control: ES-MaACL

005 - FECHA Y HORA DE LA ÚLTIMA TRANSACCIÓN

  • campo de control: 20230521181830.0

008 - ELEMENTOS DE DATO DE LONGITUD-FIJA

  • campo de control de longitud fija: 230521|| aca||aabn | a|a d

040 ## - FUENTE DE CATALOGACIÓN

  • Centro catalogador/agencia de origen: ES-MaACL
  • Centro/agencia transcriptor: ES-MaACL

111 ## - ENCABEZAMIENTO--NOMBRE DE CONGRESO/REUNIÓN

  • Nombre de congreso/reunión o jurisdicción como elemento de entrada: Synthèse notion de structure et structure de la connaissance (
  • Fecha del congreso o de la firma del tratado: 1956) (
  • Número del congreso/reunión o número de parte o sección: . 20ª)

670 ## - FUENTE DE DATOS ENCONTRADOS

  • Cita de la fuente: Work cat.: (ES-MaACL)143079: Synthèse notion de structure et structure de la connaissance ( 1956) ( . 20ª), Synthèse notion de structure et structure de la connaissance , 1957.